| 000 | 00371nam a2200133Ia 4500 | ||
|---|---|---|---|
| 008 | 150202s9999 xx 000 0 und d | ||
| 020 | _a373704976 | ||
| 050 |
_aFIC _bFIC |
||
| 100 | _aThompson, Vicky Lewis. | ||
| 245 |
_aCritical moves / _cVicky Lewis Thompson. |
||
| 260 |
_aNew York : _bHarlequin Books, _c1992. |
||
| 300 |
_a299 pages : _c18 cm. |
||
| 650 | _aFiction. | ||
| 999 |
_c282421 _d282421 |
||